00603nam a22001697a 4500003000900000008004100009040007100050082001700121100002700138245002100165260004300186300002800229505011300257650002400370650001300394650002600407AR-CdUCM190511b ||||| |||| 00| 0 spa d aMUNICIPALIDAD PROVINCIAL DEL CUSCOcBIBLIOTECA MUNICIPAL DEL CUSCO a868.6 /bL10 aLaín Entralgo, Pedro aOcio y trabajo / aMadrid :bRevista de Occidente,c1960. a325 páginas ;c19 cm. aContenido: El ocio y la fiesta en el pensamiento actual -- Enfermedad y vida humana -- Españoles de pro... aEnsayos españoles aSiglo XX aLiteratura española